1316 1771 1536 1588 1302 1649 1237 1192 1316 1585 1970 1603 1512 1275 1563 1797 1880 1244 1568 1891 1857 1195 1060 1547 1586 1363 1679 1594 1494 1030 1193 1937 1395 1489 1012 1834 1919 1964 1417 1355 1643 1559 1684 1513 1020 1236 1370 1286 1352 1728 1154 1233 1590 1051 1708 1009 1124 1672 1721 1987 1728 1956 1395 1862 1017 1112 1150 1244 1543 1748 1702 1601 1326 1634 1458 1788 1845 1283 1985 1988 1735 1173 1447 1626 1713 1241 1130 1240 1114 1503 1495 1759 1033 1580 1187 1020 1668 1807 1612 BCNSPRNW ULIB Ver.6.0+V

เปลี่ยนเป็นภาษาไทย

Change to English
 แสดงรายละเอียดบรรณานุกรม
  กลับหน้าหลัก

Brief Record : Get Marc (ISO 2709) : E-mail record : QR code < ปิดหน้าต่าง
LEADER : 00000nam 2200000uu 4500
001    13399112369
003     ULIB
008    110627s2551||||th 000 0 tha d
020    9789741693467
090    นว.^bส176ข 2551
100 0  สแตนลี่ย์ แบนเน็ตต์
245 00 ขอจุ๊บที่หัวใจของนายสุดหล่อ/^cสแตนลี่ย์ แบนเน็ตต์
250    พิมพ์ครั้งที่ 1
260    กรุงเทพฯ :^bนกฮูก,^c2551
300    142 หน้า
710 1  นกฮูก
945    ^p125^l0^i024467
995    ทศพร
999 ^a ใช้งานได้ทุกระบบ
รายการนี้ยังไม่มีแท็ก
คุณยังไม่ได้ล็อกอิน คุณสามารถมีกิจกรรมร่วมกับเว็บไซต์ได้ แต่ต้องล็อกอินก่อน ::
  ล็อกอิน

รายการสื่อสารสนเทศ

ลำดับที่ ประเภท เลขเรียก/บาร์โค้ด สถานที่ สถานะ
- ไม่พบข้อมูล -

BibComment


ยังไม่เคยถูกคอมเมนท์

คอมเมนท์ทรัพยากรรายการนี้
  คอมเมนท์: ขอจุ๊บที่หัวใจของ..


 Copyright 2026. Bcnsprnw @Library